[Event "FRA-chT2 West 0809"]
[Site "France"]
[Date "2009.04.05"]
[Round "11.8"]
[White "Rachez, Pascale"]
[Black "Auvray, Juliette"]
[Result "0-1"]
[WhiteElo "1921"]
[BlackElo "1921"]
[PlyCount "88"]
[EventDate "2008.10.19"]
[EventType "team-tourn"]
[EventRounds "11"]
[EventCountry "FRA"]
[SourceTitle "EXT 2010"]
[Source "ChessBase"]
[SourceDate "2010.11.25"]
[SourceVersion "1"]
[SourceVersionDate "2010.11.25"]
[SourceQuality "1"]
[WhiteTeam "Le Chesnay"]
[BlackTeam "Agneaux Saint Lo"]
[WhiteTeamCountry "FRA"]
[BlackTeamCountry "FRA"]

1. e4 c6 2. d4 d5 3. Nc3 dxe4 4. Nxe4 Nd7 5. Nf3 Ngf6 6. Bd3 Nxe4 7. Bxe4 Nf6 8. Bd3 Bg4 9. c3 e6 10. Be2 Qc7 11. Ne5 Bxe2 12. Qxe2 Bd6 13. f4 0-0-0 14. 0-0 h5 15. c4 c5 16. b4 cxd4 17. c5 Bxe5 18. fxe5 Ng4 19. Bf4 Rd5 20. Qf3 Nxe5 21. Bxe5 Rxe5 22. Qxf7 Qxf7 23. Rxf7 g5 24. c6 bxc6 25. Rc1 Rd8 26. Rxc6+ Kb8 27. Rcc7 Rb5 28. a3 d3 29. Rfd7 Rxd7 30. Rxd7 Rf5 31. Rxd3 Kc7 32. Rf3 Rxf3 33. gxf3 Kc6 34. Kf2 Kb5 35. Ke3 Ka4 36. Ke4 Kxa3 37. Ke5 Kxb4 38. Kxe6 a5 39. Kf5 a4 40. Kxg5 a3 41. f4 a2 42. f5 a1Q 43. f6 Qe5+ 44. Kg6 Qxh2 0-1

[Event "FRA-chT2 West 0809"]
[Site "France"]
[Date "2008.10.19"]
[Round "1.8"]
[White "Mourgues, Joelle"]
[Black "Rachez, Pascale"]
[Result "0-1"]
[WhiteElo "1794"]
[BlackElo "1921"]
[PlyCount "72"]
[EventDate "2008.10.19"]
[EventType "team-tourn"]
[EventRounds "11"]
[EventCountry "FRA"]
[SourceTitle "EXT 2010"]
[Source "ChessBase"]
[SourceDate "2010.11.25"]
[SourceVersion "1"]
[SourceVersionDate "2010.11.25"]
[SourceQuality "1"]
[WhiteTeam "Saint Quentin"]
[BlackTeam "Le Chesnay"]
[WhiteTeamCountry "FRA"]
[BlackTeamCountry "FRA"]

1. Nf3 Nf6 2. g3 d6 3. Bg2 g6 4. 0-0 Bg7 5. d3 0-0 6. Nbd2 c5 7. c3 Nc6 8. e4 Bd7 9. a4 Rb8 10. Nc4 b5 11. axb5 Rxb5 12. e5 Ne8 13. exd6 exd6 14. Bf4 d5 15. Nd6 Nxd6 16. Bxd6 Re8 17. c4 Rxb2 18. cxd5 Nb4 19. Bxc5 Nxd5 20. Ra3 Nc3 21. Qa1 Rb5 22. Bd4 Ne2+ 23. Kh1 Nxd4 24. Nxd4 Rb4 25. Rxa7 Bxd4 26. Ra8 Bxa1 27. Rxd8 Rxd8 28. Rxa1 Bf5 29. Bf3 Rxd3 30. Kg2 Bh3+ 31. Kxh3 Rxf3 32. Kg2 Rf6 33. h4 Rb2 34. Rf1 Kg7 35. g4 Rfb6 36. Kg3 Rb1 0-1

[Event "FRA-chT2 0304"]
[Site "France"]
[Date "2004.04.03"]
[Round "10"]
[White "Rachez, Pascale"]
[Black "Blanche, Paul"]
[Result "0-1"]
[WhiteElo "1920"]
[BlackElo "2019"]
[PlyCount "86"]
[EventDate "2003.10.??"]
[EventType "team"]
[EventRounds "11"]
[EventCountry "FRA"]
[SourceTitle "EXT 2005"]
[Source "ChessBase"]
[SourceDate "2004.11.15"]
[SourceVersion "1"]
[SourceVersionDate "2004.11.15"]
[SourceQuality "1"]

1. e4 c5 2. Nf3 Nc6 3. d4 cxd4 4. Nxd4 g6 5. Nxc6 bxc6 6. Qd4 Nf6 7. e5 Nd5 8. e6 Nf6 9. exf7+ Kxf7 10. Qc4+ d5 11. Qxc6 Bf5 12. Na3 Bg7 13. Bd3 Rc8 14. Qa6 Qc7 15. Bxf5 gxf5 16. 0-0 Ng4 17. g3 Bd4 18. Qd3 Qe5 19. Bf4 Qe4 20. Qxe4 dxe4 21. c3 Bb6 22. h3 Nf6 23. Nc2 Rhg8 24. Be5 Nd5 25. Bd4 Nf4 26. Bxb6 axb6 27. Kh2 Nd3 28. Rab1 e5 29. Ne3 Ke6 30. f4 exf4 31. gxf4 Rg6 32. c4 Rcg8 33. Nd1 Rg2+ 34. Kh1 R2g3 35. Kh2 Rg2+ 36. Kh1 R8g6 37. Nc3 Rd2 38. Rg1 Rh6 39. Rg2 Rxh3+ 40. Kg1 Rxg2+ 41. Kxg2 Nxf4+ 42. Kf2 Nd3+ 43. Kg2 Nf4+ 0-1

[Event "Montigny le Bretonneux Noel op 06th"]
[Site "Montigny le Bretonneux"]
[Date "2003.12.29"]
[Round "5"]
[White "Billoire, Clement"]
[Black "Rachez, Pascale"]
[Result "1-0"]
[WhiteElo "2050"]
[BlackElo "1860"]
[PlyCount "57"]
[EventDate "2003.12.26"]
[EventType "swiss"]
[EventRounds "6"]
[EventCountry "FRA"]
[SourceTitle "CBM 097 Extra"]
[Source "ChessBase"]
[SourceDate "2004.01.13"]
[SourceVersion "1"]
[SourceVersionDate "2004.01.13"]
[SourceQuality "1"]

1. e4 c5 2. Nf3 d6 3. d4 cxd4 4. Nxd4 Nf6 5. Nc3 g6 6. Be3 Bg7 7. f3 0-0 8. Qd2 Nc6 9. 0-0-0 d5 10. exd5 Nxd5 11. Nxc6 bxc6 12. Bd4 Nxc3 13. Qxc3 Bxd4 14. Rxd4 Qb6 15. h4 Be6 16. h5 Rab8 17. hxg6 fxg6 18. Bc4 Bxc4 19. Rxc4 Qa6 20. Kb1 Rf5 21. Rxc6 Qb7 22. b3 a5 23. Rc7 Qb6 24. Rxe7 Rf6 25. Rexh7 Rd8 26. Qc4+ Re6 27. Rh8+ Kf7 28. R1h7+ Kf6 29. Qf4# 1-0

[Event "Montigny le Bretonneux Noel op 06th"]
[Site "Montigny le Bretonneux"]
[Date "2003.12.28"]
[Round "3"]
[White "Piot, Olivier"]
[Black "Rachez, Pascale"]
[Result "1-0"]
[WhiteElo "2247"]
[BlackElo "1860"]
[PlyCount "79"]
[EventDate "2003.12.26"]
[EventType "swiss"]
[EventRounds "6"]
[EventCountry "FRA"]
[SourceTitle "CBM 097 Extra"]
[Source "ChessBase"]
[SourceDate "2004.01.13"]
[SourceVersion "1"]
[SourceVersionDate "2004.01.13"]
[SourceQuality "1"]

1. d4 Nf6 2. c4 d6 3. Nf3 g6 4. Nc3 Bg7 5. e4 0-0 6. Be2 Nbd7 7. 0-0 a6 8. Bf4 c6 9. h3 b5 10. e5 Ne8 11. a3 bxc4 12. Bxc4 Nb6 13. Bd3 Nd5 14. Bg3 Rb8 15. Qd2 Kh8 16. Rfc1 Be6 17. Ne4 Bf5 18. Rxc6 dxe5 19. dxe5 Nec7 20. Rac1 Qd7 21. e6 fxe6 22. Bxc7 Rxb2 23. Qd1 Rc8 24. Bxa6 Ra8 25. Be5 Rb1 26. Bxg7+ Kxg7 27. Qd4+ Kg8 28. Ne5 Qxc6 29. Nxc6 Rxc1+ 30. Kh2 Rxa6 31. Nb4 Rxa3 32. Nxd5 Bxe4 33. Nxe7+ Kf7 34. Qxe4 Ra7 35. Qf4+ Kxe7 36. Qxc1 Rd7 37. Qc5+ Kf6 38. Kg3 Rd5 39. Qf8+ Ke5 40. Qf4# 1-0

[Event "Yvelines-ch"]
[Site "Fontenay le Fleury"]
[Date "2003.02.08"]
[Round "2.24"]
[White "Rachez, Pascale"]
[Black "Cureau, Christian"]
[Result "1-0"]
[WhiteElo "1850"]
[BlackElo "1510"]
[PlyCount "26"]
[EventDate "2003.02.17"]
[EventType "swiss"]
[EventRounds "7"]
[EventCountry "FRA"]
[SourceTitle "EXT 2004"]
[Source "ChessBase"]
[SourceDate "2003.11.25"]
[SourceVersion "1"]
[SourceVersionDate "2003.11.25"]
[SourceQuality "1"]

1. e4 e5 2. Nf3 Nf6 3. Nxe5 d6 4. Nxf7 Kxf7 5. d4 c6 6. Bg5 Be7 7. Nc3 Be6 8. f4 Nbd7 9. f5 Nxe4 10. fxe6+ Kxe6 11. Nxe4 Bxg5 12. Qg4+ Kf7 13. Nxg5+ Ke7 1-0

[Event "Montigny le Bretonneux Noel op 05th"]
[Site "Montigny le Bretonneux"]
[Date "2002.12.30"]
[Round "6.18"]
[White "Perodeau, Guillaume"]
[Black "Rachez, Pascale"]
[Result "1/2-1/2"]
[WhiteElo "1580"]
[BlackElo "1950"]
[PlyCount "92"]
[EventDate "2002.12.??"]
[EventType "swiss"]
[EventRounds "7"]
[EventCountry "FRA"]
[SourceTitle "EXT 2004"]
[Source "ChessBase"]
[SourceDate "2003.11.25"]
[SourceVersion "1"]
[SourceVersionDate "2003.11.25"]
[SourceQuality "1"]

1. e4 c5 2. Nf3 d6 3. d4 cxd4 4. Nxd4 g6 5. Nc3 Nf6 6. Bg5 Bg7 7. Bc4 0-0 8. 0-0 Nc6 9. Nf3 Bg4 10. h3 Bxf3 11. Qxf3 Qb6 12. Rab1 Qc5 13. Bxf6 Bxf6 14. b3 Ne5 15. Qg3 Nxc4 16. bxc4 Qxc4 17. Nd5 Qxe4 18. Nxf6+ exf6 19. Qxd6 Rab8 20. Qxf6 Qxc2 21. Rb2 Qc6 22. Qxc6 bxc6 23. Rfb1 Rxb2 24. Rxb2 a5 25. Rc2 Rc8 26. a4 c5 27. Kf1 Kg7 28. Ke2 Kf6 29. Kd3 Ke5 30. Kc4 Kd6 31. Rb2 Re8 32. Rb6+ Kc7 33. Rf6 h5 34. Rxf7+ Kd6 35. Rf6+ Ke5 36. Rxg6 Rb8 37. Kxc5 Rb4 38. Rg5+ Kf6 39. Rxh5 Rxa4 40. Rh6+ Kg5 41. Ra6 Ra2 42. Kb5 Rxf2 43. Rxa5 Rxg2 44. Ra7 Kg6 45. Kc5 Rg3 46. h4 Rg4 1/2-1/2

[Event "Montigny le Bretonneux Noel op 05th"]
[Site "Montigny le Bretonneux"]
[Date "2002.12.28"]
[Round "3.24"]
[White "Rachez, Pascale"]
[Black "Dubos, Jean Luc"]
[Result "1-0"]
[WhiteElo "1950"]
[BlackElo "1320"]
[PlyCount "59"]
[EventDate "2002.12.??"]
[EventType "swiss"]
[EventRounds "7"]
[EventCountry "FRA"]
[SourceTitle "EXT 2004"]
[Source "ChessBase"]
[SourceDate "2003.11.25"]
[SourceVersion "1"]
[SourceVersionDate "2003.11.25"]
[SourceQuality "1"]

1. e4 c5 2. Nf3 d6 3. d4 cxd4 4. Nxd4 Nf6 5. Nc3 g6 6. Be3 Bg7 7. f3 Nc6 8. Bc4 Bd7 9. Qd2 0-0 10. 0-0-0 Rc8 11. Bb3 Na5 12. h4 Nc4 13. Bxc4 Rxc4 14. h5 Nxh5 15. g4 Nf6 16. Nb3 a5 17. Bh6 Bxh6 18. Qxh6 a4 19. Nd5 Nh5 20. Nd2 Rd4 21. gxh5 g5 22. Qxg5+ Kh8 23. Qe3 e5 24. c3 Rxd5 25. exd5 b5 26. Rdg1 f5 27. Qh6 Qe7 28. Rg6 Be8 29. Re6 Qd7 30. Qxf8# 1-0

[Event "Montigny le Bretonneux Noel op 05th"]
[Site "Montigny le Bretonneux"]
[Date "2002.12.27"]
[Round "2.19"]
[White "Benhamouda, Fabrice"]
[Black "Rachez, Pascale"]
[Result "1-0"]
[WhiteElo "1560"]
[BlackElo "1950"]
[PlyCount "139"]
[EventDate "2002.12.??"]
[EventType "swiss"]
[EventRounds "7"]
[EventCountry "FRA"]
[SourceTitle "EXT 2004"]
[Source "ChessBase"]
[SourceDate "2003.11.25"]
[SourceVersion "1"]
[SourceVersionDate "2003.11.25"]
[SourceQuality "1"]

1. e4 c5 2. Nf3 d6 3. d4 cxd4 4. Nxd4 Nf6 5. Bd3 g6 6. Nc3 Bg7 7. 0-0 0-0 8. Re1 Nc6 9. Nxc6 bxc6 10. h3 Rb8 11. Rb1 Qa5 12. Bd2 Re8 13. a3 Qc7 14. Qc1 Be6 15. Bh6 Bh8 16. Kh1 Nd7 17. Qd2 Qa5 18. Nd1 Qc7 19. Nc3 c5 20. Bf4 c4 21. Be2 Qa5 22. Nd1 Qa6 23. Nc3 Rb7 24. Nd1 Reb8 25. Qc1 Qxa3 26. bxa3 Rxb1 27. Qd2 Ra1 28. Qa5 Ra2 29. Ne3 Bb2 30. Nxc4 Bxc4 31. Bxc4 Rxa3 32. Qc7 Rc3 33. Qxd7 Rxc4 34. Qxe7 a5 35. Bxd6 Rbc8 36. Re2 a4 37. Ba3 R4c7 38. Qd6 Rc6 39. Qxc6 Rxc6 40. Bxb2 Rb6 41. c4 Rb3 42. Bf6 Kf8 43. Rd2 Rb8 44. Rd8+ Rxd8 45. Bxd8 Ke8 46. Bf6 Kd7 47. Kg1 Kc6 48. Bd4 a3 49. Kf1 Kd6 50. Ke2 Ke6 51. Kd2 f5 52. e5 f4 53. f3 h5 54. Kd3 Kf5 55. c5 a2 56. Bc3 Kg5 57. c6 Kh4 58. c7 Kg3 59. c8Q Kxg2 60. Bd4 Kxf3 61. Qc6+ Kg3 62. Qxg6+ Kxh3 63. Qxh5+ Kg3 64. Qg5+ Kh2 65. Qxf4+ Kh3 66. Qg5 Kh2 67. Qg4 a1Q 68. Bxa1 Kh1 69. Bc3 Kh2 70. Bd4 1-0

[Event "Montigny le Bretonneux Noel op 04th"]
[Site "Montigny le Bretonneux"]
[Date "2001.12.28"]
[Round "4.8"]
[White "Hedjazian, Kayhan"]
[Black "Rachez, Pascale"]
[Result "1/2-1/2"]
[WhiteElo "1580"]
[BlackElo "1820"]
[PlyCount "82"]
[EventDate "2001.12.26"]
[EventType "swiss"]
[EventRounds "7"]
[EventCountry "FRA"]
[SourceTitle "EXT 2003"]
[Source "ChessBase"]
[SourceDate "2002.11.25"]
[SourceVersion "1"]
[SourceVersionDate "2002.11.25"]
[SourceQuality "1"]

1. d4 Nf6 2. c4 d6 3. Nc3 g6 4. Nf3 Bg7 5. Bg5 0-0 6. e3 c5 7. h3 cxd4 8. exd4 a6 9. Be2 b5 10. cxb5 axb5 11. Bxb5 Ne4 12. Nxe4 Bb7 13. Nc3 Qb6 14. 0-0 Nc6 15. Bxc6 Bxc6 16. Bxe7 Rfe8 17. Bxd6 Bxf3 18. Qxf3 Qxd6 19. Rad1 Qb4 20. Nd5 Qd6 21. a3 Red8 22. Nc3 Qb6 23. Nd5 Qxb2 24. Nf6+ Kh8 25. Rfe1 Rxa3 26. Qc6 Qb8 27. Re8+ Rxe8 28. Qxe8+ Qxe8 29. Nxe8 Ra8 30. Nxg7 Kxg7 31. Kf1 Kf6 32. Ke2 Ke6 33. Ke3 Kd5 34. Rd3 f5 35. f3 g5 36. f4 Ra2 37. g3 h6 38. Rd1 Rh2 39. fxg5 hxg5 40. Rf1 f4+ 41. gxf4 Rxh3+ 1/2-1/2

[Event "Saint Quentin op 4th"]
[Site "Saint Quentin"]
[Date "2001.04.21"]
[Round "8.26"]
[White "Rachez, Pascale"]
[Black "Delmont, Jean Robert"]
[Result "1/2-1/2"]
[WhiteElo "1840"]
[BlackElo "2012"]
[PlyCount "96"]
[EventDate "2001.04.15"]
[EventType "swiss"]
[EventRounds "9"]
[EventCountry "FRA"]
[SourceTitle "EXT 2002"]
[Source "ChessBase"]
[SourceDate "2001.11.25"]
[SourceVersion "1"]
[SourceVersionDate "2001.11.25"]
[SourceQuality "1"]

1. e4 c5 2. Nf3 d6 3. d4 cxd4 4. Nxd4 Nf6 5. Nc3 g6 6. Be3 Bg7 7. f3 0-0 8. Bc4 Nc6 9. Qd2 Nd7 10. Nxc6 bxc6 11. Bh6 Qb6 12. Bxg7 Kxg7 13. 0-0-0 Rb8 14. Qd4+ Ne5 15. Qxb6 axb6 16. Be2 b5 17. f4 Ng4 18. Bxg4 Bxg4 19. Rd2 b4 20. Na4 Ra8 21. b3 Ra6 22. f5 gxf5 23. h3 Bh5 24. exf5 f6 25. g4 Bf7 26. Re1 Re8 27. Rde2 Kf8 28. Kb2 c5 29. c3 Bd5 30. cxb4 cxb4 31. Kb1 Bc6 32. Nb2 Bb5 33. Re4 Rea8 34. Rxb4 Rxa2 35. Na4 R2xa4 36. bxa4 Bxa4 37. Rb7 Rd8 38. Kb2 Bc6 39. Rc7 Bg2 40. Re3 d5 41. Kc3 Be4 42. Kd4 Rb8 43. Ra3 h5 44. Raa7 hxg4 45. hxg4 Re8 46. Ke3 Kf7 47. Kf4 Bg2 48. Ke3 Be4 1/2-1/2

[Event "Saint Quentin op 4th"]
[Site "Saint Quentin"]
[Date "2001.04.15"]
[Round "1.4"]
[White "Piankov, Evgenij"]
[Black "Rachez, Pascale"]
[Result "1-0"]
[WhiteElo "2370"]
[BlackElo "1840"]
[PlyCount "85"]
[EventDate "2001.04.15"]
[EventType "swiss"]
[EventRounds "9"]
[EventCountry "FRA"]
[SourceTitle "EXT 2002"]
[Source "ChessBase"]
[SourceDate "2001.11.25"]
[SourceVersion "1"]
[SourceVersionDate "2001.11.25"]
[SourceQuality "1"]

1. d4 Nf6 2. Nf3 d6 3. Nc3 g6 4. e4 Bg7 5. Bc4 0-0 6. 0-0 Nbd7 7. Bg5 c5 8. Qd2 cxd4 9. Nxd4 Ne5 10. Bb3 Qa5 11. Rad1 Bg4 12. f3 Bd7 13. Nd5 Qd8 14. Nxf6+ exf6 15. Be3 Qc7 16. a4 Nc4 17. Bxc4 Qxc4 18. b3 Qc7 19. c4 Rfd8 20. Nb5 Bxb5 21. axb5 a6 22. b6 Qc8 23. Qb4 Qe6 24. Bf4 f5 25. exf5 Qxf5 26. Bxd6 Qc2 27. c5 Be5 28. Qe4 Qxe4 29. fxe4 Bxd6 30. cxd6 Kf8 31. e5 Ke8 32. Rc1 Rd7 33. Rc7 f5 34. Rfc1 Rad8 35. Kf2 Kf7 36. Rxd7+ Rxd7 37. Rc7 Ke6 38. Ke3 g5 39. Kd4 g4 40. Rxd7 Kxd7 41. Kd5 f4 42. e6+ Kd8 43. Ke4 1-0